000 00616nam a2200217 i 4500
001 bg
100 1 _aCZOŁCZYŃSKI, Krzysztof
245 1 0 _aWykłady z teorii mechanizmów i maszyn /
_cKrzysztof Czołczyński ; Politechnika Łódzka.
260 _aŁódź :
_bWydaw. PŁ,
_c1996.
300 _a[2], 135 s. :
_brys., wykr. ;
_c24 cm.
504 _aBibliogr. s. 135.
650 9 _aMaszyny
_xteoria
655 _aPodręczniki akademickie
020 _a838645394X
040 _cBPK
041 0 _apl
080 _a621.01
920 _a83-86453-94-X
942 _cKS
008 s pl f |000 0 pol
999 _c31603
_d31603
856 _uhttp://koha.tu.koszalin.pl/cgi-bin/koha/opac-detail.pl?biblionumber=31603
_yKatalog online BPK